Statistics for Israel True or False?

Click here to take the quiz!

General Stats

  • This quiz has been taken 10,270 times
    (10,098 since last reset)
  • The average score is 11 of 15

Answer Stats

QuestionAnswer% Correct
While Jerusalem is the official capital of Israel, most foreign embassies are in Tel AvivTrue
95%
Both men and women can be drafted to serve in the Israeli militaryTrue
91%
Israel is thought to have nuclear weaponsTrue
90%
Actress Gal Gadot is IsraeliTrue
88%
Arabic is the most commonly-spoken language in IsraelFalse
86%
Mossad is the name of the Israeli parliamentFalse
84%
More than 90% of the world's Jews live in IsraelFalse
81%
Egypt, Jordan, and Syria have all invaded IsraelTrue
81%
The shores of the Dead Sea have the lowest elevation of any point on land on EarthTrue
79%
The Crusaders were never able to successfully capture JerusalemFalse
71%
Israel has one of world's highest life expectanciesTrue
70%
Visitors to modern-day Israel can visit Nazareth, the childhood home of JesusTrue
68%
The ultra-Orthodox Jewish population of Israel is shrinking rapidlyFalse
53%
Soviet Union was opposed to the creation of Israel in 1947False
41%
King David is said to have built the first templeFalse
38%

Score Distribution

Percentile by Number Answered

Percent of People with Each Score

Your Score History

You have not taken this quiz since the last reset